Central Library OPAC University of Rajshahi

Teacher education in service / (Record no. 49852)

MARC details
000 -LEADER
fixed length control field 00865cam a2200241 a 4500
001 - CONTROL NUMBER
control field 49852
003 - CONTROL NUMBER IDENTIFIER
rucl marc code BD-RJUL
005 - DATE AND TIME OF LATEST TRANSACTION
control field 20211209054734.0
008 - FIXED-LENGTH DATA ELEMENTS--GENERAL INFORMATION
fixed length control field 160822s19441947dcu 000 0 eng
035 ## - SYSTEM CONTROL NUMBER
System control number BD-RJUL 49972
040 ## - CATALOGING SOURCE
Original cataloging agency DLC
Transcribing agency YNG
Modifying agency SER
Language of cataloging eng
041 ## - LANGUAGE CODE
Language code of text/sound track or separate title eng
082 ## - DEWEY DECIMAL CLASSIFICATION NUMBER
Classification number 371.12
Author mark and year PRT 1947
100 1# - MAIN ENTRY--PERSONAL NAME
Personal name Prall, Charles Edward,
Dates associated with a name 1891-
9 (RLIN) 149423
245 10 - TITLE STATEMENT
Title Teacher education in service /
Statement of responsibility, etc. by Charles E. Prall and C. Leslie Cushman ; prepared for the Commission on Teacher Education.
260 ## - PUBLICATION, DISTRIBUTION, ETC. (IMPRINT)
Place of publication, distribution, etc. Washington, D.C. :
Name of publisher, distributor, etc. American Council on Education,
Date of publication, distribution, etc. 1944. [printing 1947]
300 ## - PHYSICAL DESCRIPTION
Pagination xiii, 503 p. ;
Size 24 cm.
650 #0 - SUBJECT ADDED ENTRY--TOPICAL TERM
Topical term or geographic name as entry element Teachers
General subdivision Training of.
9 (RLIN) 149424
700 1# - ADDED ENTRY--PERSONAL NAME
Personal name Cushman, Charles Leslie,
Dates associated with a name 1898-
710 2# - ADDED ENTRY--CORPORATE NAME
Corporate name or jurisdiction name as entry element American Council on Education.
Subordinate unit Commission on Teacher Education.
9 (RLIN) 149426
942 ## - ADDED ENTRY ELEMENTS (KOHA)
Source of classification or shelving scheme Dewey Decimal Classification
Koha item type Books
Holdings
Lost status Source of classification or shelving scheme Damaged status Not for loan Collection code Permanent Location Current Location Shelving location Date acquired Source of acquisition Total Checkouts Full call number Date last seen Copy number Koha item type
  Dewey Decimal Classification     Non-fiction Central Library, University of Rajshahi Central Library, University of Rajshahi   18/02/1958 U. S. S.   371.12 PRT 1947 22/08/2016 C-2 Books
  Dewey Decimal Classification     Non-fiction Central Library, University of Rajshahi Central Library, University of Rajshahi   10/04/1962 Asia foundation   371.12 PRT 1947 23/08/2016 C-3 Books